Heroldsrufe : Ausgewählt /

Hlavní autor: Geibel, Emanuel, 1815-1884
Jazyk: Němčina
Vydáno: Zu Leipzig : im Insel-Verlag, [1915]
Edice: Insel Bücherei
Fyzický popis: 65 stran ; 19 cm
Language note: Tištěno švabachem
Knihy
Uloženo v:
LEADER 00859nam a22002777i 4500
001 001881542
003 CZ BrMZK
005 20240105103638.0
007 ta
008 240105s1915 gw er|||||||||||ger d
040 |a BOA001  |b cze  |e rda 
100 1 |a Geibel, Emanuel,  |d 1815-1884  |7 mzk2010578421  |4 aut 
245 1 0 |a Heroldsrufe :  |b Ausgewählt /  |c Emanuel Geibel 
264 1 |a Zu Leipzig :  |b im Insel-Verlag,  |c [1915] 
300 |a 65 stran ;  |c 19 cm 
336 |a text  |b txt  |2 rdacontent 
337 |a bez média  |b n  |2 rdamedia 
338 |a svazek  |b nc  |2 rdacarrier 
490 1 |a Insel Bücherei ;  |v Nr. 173/1 
546 |a Tištěno švabachem 
830 0 |a Insel Bücherei 
910 |a BOA001  |b 1-0086.853,173/1 
990 |a BK 
993 |a Y 
991 |b 202401 
996 6 |b 2618753096  |c 1-0086.853,173/1  |l MZK  |r Sklad / do 1 hodiny  |n 0  |w 001948976  |u 000010  |a 1  |e BOA001  |j MZK50  |s P